Ivan Csudai, Alex Hanimann. Für wen oder was-, pre koho alebo čo- Múzeum Vojtecha Löfflera Košice-Staré Mesto 2000

Bibliographic Details
Corporate Author: Múzeum Vojtecha Löfflera (Author)
Other Authors: Beskid, Vladimír, 1962- (Author of dialog), Bodnár, Gabriel (fot), Blichová, Edita (Translator)
Format: Book
Language:Slovak
Published: Košice Mźeum Vojtecha Löfflera 2000
Subjects:

MARC

LEADER 00000nam a2200000 a 4500
001 vtls001413754
003 SK-MaSNL
005 20260302035127.0
008 160322s2000 xo ab d d 0 slo
015 |a SNBE2001/03-02254 
020 |a 8088760399 
035 |a SNK000368480 
040 |a SNK  |b slo  |c SNK  |e AACR2 
041 0 |a slo 
044 |a xo  |c SK 
080 |a 75.071.1+7.036:071.1(494):061.4(083.9)=854=30  |2 1981 
080 |a 7.036.071.1(494)  |2 1981 
245 1 |a Ivan Csudai, Alex Hanimann. Für wen oder was-, pre koho alebo čo-  |b Múzeum Vojtecha Löfflera Košice-Staré Mesto 2000  |c kurátor výstavy: Vladimír Beskid ; fotografie: Gabriel Bodnár ; preklad: Edita Blichová 
260 |a Košice  |b Mźeum Vojtecha Löfflera  |c 2000 
300 |a [12] s.  |b fareb. fotogr.  |c 30 cm 
500 |a Súbež. text nem. 
504 |a Biogr. údaje 
600 1 7 |a Csudai, Ivan,  |d 1959-  |2 SNK  |9 120385 
600 1 7 |a Hanimann, Alex,  |d 1955-  |2 SNKMA  |9 687594 
610 0 7 |a Múzeum Vojtecha Löfflera  |2 SNK  |9 234955 
610 2 7 |a Múzeum Vojtecha Löfflera  |2 SNK  |9 234955 
651 7 |a Košice (Slovensko)  |2 SNK  |9 18694 
655 7 |a katalógy výstav  |2 SNK  |9 70445 
700 1 |a Beskid, Vladimír,  |d 1962-  |4 aud  |9 92783 
700 1 |a Bodnár, Gabriel  |4 fot  |9 301836 
700 1 |a Blichová, Edita  |4 trl  |9 42936 
710 0 |a Múzeum Vojtecha Löfflera  |4 aut  |9 234955 
919 |a 80-88760-39-9 
958 |a TL 
958 |a BQ 
958 |a BX 
999 |c 1069373  |d 1071303 
952 |t P60, <09>, [BOOK], {629}  |a SNK  |b SNK  |y NEVYP  |7 0  |o snkB 143  |i snk548/20010314  |0 0  |1 0  |4 0  |d 2001-05-31  |l 0  |r 2005-01-02 00:00:00  |w 2026-02-24 
952 |t P60, <03>, [BOOK], {603}  |a SNK  |b SNK  |y PREZ  |7 0  |p 17A0302253  |o snkOSB 12979  |i snkKSP 6757/2001  |0 0  |1 0  |4 0  |d 2001-05-31  |l 0  |r 2005-01-02 00:00:00  |w 2026-02-24 
952 |t P60, <04>, [BOOK], {604}  |a SNK  |b SNK  |y VYP  |7 0  |p 17A0302252  |o snkOSB 12979 D1  |i snkKSP 6758/2001  |0 0  |1 0  |4 0  |d 2001-05-31  |l 0  |r 2005-01-02 00:00:00  |w 2026-02-24